| 000 | 00000nam 2200000zi 4500 |
| 001 | 9.954219 |
| 003 | CaOODSP |
| 005 | 20250818161936 |
| 006 | m o d f |
| 007 | cr mn||||||||| |
| 008 | 250818e20180516onc obs f000 0 eng d |
| 040 | |aCaOODSP|beng|erda|cCaOODSP |
| 043 | |an-cn--- |
| 086 | 1 |aCS82-003/2018-5-1E-PDF |
| 100 | 1 |aGarriguet, Didier, |d1974- |eauthor. |
| 245 | 10|aAccounting for misreporting when comparing energy intake across time in Canada / |cby Didier Garriguet. |
| 264 | 1|a[Ottawa] : |bStatistics Canada = Statistique Canada, |cMay 16, 2018. |
| 264 | 4|c©2018 |
| 300 | |a1 online resource (pages 3-12). |
| 336 | |atext|btxt|2rdacontent |
| 337 | |acomputer|bc|2rdamedia |
| 338 | |aonline resource|bcr|2rdacarrier |
| 490 | 1 |aHealth reports, |x1209-1367 ; |vvol. 29, no. 5, [1] |
| 500 | |aCover title. |
| 500 | |aIssued also in French under title: Prise en compte des erreurs de déclaration lors de la comparaison de l’apport énergétique au fil du temps au Canada. |
| 504 | |aIncludes bibliographical references (page 11). |
| 520 | 3 |a"Estimates of energy intake are lower in 2015 compared with 2004. The difference observed is too large to be explained by a change in energy requirements or physical activity at the population level. Self-reported dietary intake is subject to misreporting and may explain part of this difference. The objectives of this study are to assess how misreporting has changed from 2004 to 2015 and to demonstrate how these changes may affect the interpretation of the national intake data of Canadians"--Abstract, page 3. |
| 650 | 0|aDiet|zCanada|vStatistics. |
| 650 | 0|aFood habits|zCanada|vStatistics. |
| 650 | 0|aNutrition surveys|zCanada|vStatistics. |
| 655 | 7|aStatistics|2lcgft |
| 710 | 2 |aStatistics Canada, |eissuing body. |
| 775 | 08|tPrise en compte des erreurs de déclaration lors de la comparaison de l’apport énergétique au fil du temps au Canada / |w(CaOODSP)9.954220 |
| 830 | #0|aHealth reports (Series)|x1209-1367 ; |vvol. 29, no. 5, [1].|w(CaOODSP)9.950253 |
| 856 | 40|qPDF|s596 KB|uhttps://publications.gc.ca/collections/collection_2025/statcan/82-003-x/CS82-003-2018-5-1-eng.pdf |
| 856 | 4 |qHTML|sN/A|uhttps://www150.statcan.gc.ca/n1/pub/82-003-x/2018005/article/54965-eng.htm |